Pixel Art Mystery Picture - Secrets - Statistics

General Stats
  • This quiz has been taken 1,218 times
  • The average score is 12 of 17
Answers on the Map
Answers color-coded by a green-red scale on the quiz's map according to % correct below.
 
Answer Stats
Group Hint Answer % Correct
Question Top secret US military base Area {51}
93%
Question Something you hide from someone else A secret
91%
Question An untrue statement A lie
90%
Question What is the name of a word or phrased typed to give access to a device? Password
89%
Question Someone who secretly collects information of an enemy Spy
89%
Question To take something without someone's consent Steal
89%
Question Private place where one writes their feelings and thoughts A diary
88%
Question Container where pirates put their treasure Chest
88%
Question Tool used to open a lock Key
87%
Question Metal box where valuables are stored Safe
84%
Question What is the second book in the Harry Potter series? The Chamber of Secrets
76%
Mystery Picture Lock
71%
Question What ink can only be seen UV light? Invisible ink
67%
Question Something that hasn't been solved A mystery
65%
Question Something that is strongly disallowed Forbidden
32%
Question A person who is unidentified is... Anonymous
26%
Question Caeser, Pigpen, or Morse, for example Cipher
20%
No matching quizzes found
Score Distribution
Percent of People with Each Score
Percentile by Number Answered
Your Score History
You have not taken this quiz